Don't Tell My Mom - Renee Rapp (All Lyrics) - Statistics

General Stats
  • This quiz has been taken 30 times
    14 since last reset
  • The average score is 301 of 325
Answer Stats
Lyrics % Correct
a
100%
about
100%
all
100%
All
100%
are
100%
at
100%
At
100%
cry
100%
Cry
100%
cry,
100%
daughter
100%
dealt
100%
(Dealt)
100%
Do
100%
don't
100%
Don't
100%
(Don't)
100%
fine
100%
for
100%
friends,
100%
go
100%
got
100%
he?
100%
hear
100%
her
100%
Her
100%
hours
100%
hurt,
100%
hurt
100%
hurts
100%
I
100%
I'm
100%
impress
100%
in
100%
is
100%
it?
100%
it
100%
just
100%
know
100%
least
100%
lie
100%
lie,
100%
mind,
100%
mom,
100%
My
100%
my
100%
No,
100%
no
100%
of
100%
on?
100%
phone
100%
Pick
100%
pick
100%
please
100%
(Please)
100%
scars
100%
She
100%
She'll
100%
she'll
100%
she's
100%
shower
100%
sleep
100%
So
100%
tell
100%
the
100%
them
100%
this
100%
(This)
100%
three
100%
time
100%
to
100%
two
100%
up
100%
we
100%
What
100%
When
100%
when
100%
Who
100%
with?
100%
with
100%
(With)
100%
won't
100%
worry
100%
years
100%
you
100%
You
100%
you,
100%
you"
100%
alright
83%
apart
83%
be
83%
but
83%
cause
83%
'Cause
83%
cried
83%
did
83%
dyin'
83%
fallin'
83%
gone
83%
home?
83%
home
83%
I'll
83%
inside
83%
let
83%
(Let)
83%
Mama,
83%
me,
83%
might
83%
Now,
83%
Now
83%
problems
83%
say
83%
seven
83%
slept
83%
talk
83%
'til
83%
'Til
83%
trouble
83%
wanna
83%
week
83%
We're
83%
were
83%
"We're
83%
we're
83%
worried
83%
your
83%
and
67%
call
67%
car
67%
come
67%
cut
67%
Daddy
67%
eight
67%
hair
67%
heart
67%
like
67%
nights
67%
oh
67%
Sayin',
67%
Sweetie,
67%
tears
67%
wait
67%
want
67%
was
67%
wearin'
67%
will
67%
didn't
50%
(Ooh
50%
ooh
50%
ooh)
50%
speak
50%
Then
50%
young
50%
little
33%
tracking
33%
Yeah
33%
today,
17%
No matching quizzes found
Score Distribution
Percent of People with Each Score
Percentile by Number Answered
Your Score History
You have not taken this quiz since the last reset